[Event "BAN-ch (Women) 38th"]
[Site "Dhaka"]
[Date "2018.08.10"]
[Round "3"]
[White "Homaira, Siddika"]
[Black "Protiva, Batool"]
[Result "1/2-1/2"]
[WhiteElo "1008"]
[BlackElo "1008"]
[PlyCount "41"]
[EventDate "2018.08.08"]
[EventType "swiss"]
[EventRounds "9"]
[EventCountry "BAN"]
[SourceTitle "EXT 2019"]
[Source "ChessBase"]
[SourceDate "2018.10.10"]
[SourceVersion "1"]
[SourceVersionDate "2018.10.10"]
[SourceQuality "1"]

1. c3 e5 2. Na3 Nf6 3. g3 Bxa3 4. bxa3 0-0 5. Bg2 d6 6. Bb2 Nc6 7. Nf3 Bd7 8. d4 Qe7 9. d5 e4 10. Nh4 g5 11. dxc6 Bxc6 12. Nf5 Qe6 13. f3 exf3 14. Bxf3 Ne4 15. Qc2 Rae8 16. 0-0-0 Qe5 17. Rhg1 Nf2 18. Rdf1 Qe3+ 19. Qd2 Bxf3 20. exf3 c5 21. Rxf2 1/2-1/2